00803 2200301 4500001002300000005001700023006001900040008004100059035002500100040001200125082001400137084001400151090004100165100001800206245002900224260002900253300002900282440003200311850001500343990001700358990001800375990001800393990001800411990001800429990001800447990001800465990001800483NBPULOB00000000000663820140508113449.0a ||| | 161121| ||| |  a0010-051400000000359 aNPBULOB0 a398.Rah.c a398.Rah.c a300/Ilmu Pengetahuan Sosial/RAK.31.20 aMB. Rahimsyah00aCerita rakyat Yogyakarta aSurabayabMitra Cendikia a64 hlmbilusc19 x 14 cm 0aNyai Roro Kidul, Joko pekik aKPAD Lobar a4225/Sumb/02 a17226/PN/2014 a17227/PN/2014 a17228/PN/2014 a17288/PN/2014 a17289/PN/2014 a17290/PN/2014 a17291/PN/2014